| 000 | 00496nam a2200169Ia 4500 | ||
|---|---|---|---|
| 999 |
_c4321 _d4321 |
||
| 020 | _a81-241-0847-1 | ||
| 082 | _a305.420954 WOM- | ||
| 245 | 0 | _aWomen and the politics of violence | |
| 260 |
_aNew Delhi _bHar-Anand Publications _c2002 |
||
| 300 | _a302 | ||
| 650 |
_aWomen _vSocial conditions _zIndia |
||
| 650 |
_aWomen _vCrimes against _vReligious aspects _zIndia |
||
| 650 |
_aAbused women _zIndia |
||
| 650 |
_aWomen _vLegal status, laws, etc. _zIndia |
||
| 700 | _aAbraham, Taisha | ||
| 942 | _cBK | ||